000 00744nam a2200253Ia 4500
003 OSt
005 20220928105856.0
006 a|||||r|||| 00| 0
007 ta
008 220927b |||||||| |||| 00| 0 hin d
020 _c495
024 _a120784
037 _b6526, 19/01/2013, Rajkamal Prakashan Pvt.Ltd.
_cTextual
040 _aSDCL
_cSDCL
_bhin
041 _2hin
_ahin
082 _aO152,3NMM,1, Q2
100 _aMaji Mahua
_9417178
245 0 _aMarang Goda Neelkanth Hua
260 _aNew Delhi
_bRajkamal Prakashan
_c2012
300 _a401p
_ccm.
650 _aHindi
_9391598
942 _hO152,3NMM,1, Q2
_cTEXL
_2CC
999 _c733172
_d733172